000 00252nam a22000977a 4500
999 _c12701
_d12701
082 _a297.64
100 _aProf: Mufti Mohammad Waseem Akram
245 _aSeerat Hazrat Sayadina Usman Ghani
260 _aPakistan
_bMushtaque Book Corner
_c2020
942 _cBK